فتح العلام في دراسة أحاديث بلوغ المرام حديثيا وفقهيا مع ذكر بعض المسائل الملحقة / (رقم التسجيلة. 95536)

تفاصيل مارك
000 -LEADER
fixed length control field 00754nam a22001937a 4500
005 - DATE AND TIME OF LATEST TRANSACTION
control field 20251108173057.0
008 - FIXED-LENGTH DATA ELEMENTS--GENERAL INFORMATION
fixed length control field 250721s2012 xx 000 0 ara d
082 14 - DEWEY DECIMAL CLASSIFICATION NUMBER
Classification number م/213.63/بعد
100 1# - MAIN ENTRY--PERSONAL NAME
Personal name البعداني، أبي عبدالله محمد بن علي بن حزام الفضلي
245 10 - TITLE STATEMENT
Title فتح العلام في دراسة أحاديث بلوغ المرام حديثيا وفقهيا مع ذكر بعض المسائل الملحقة /
264 1# - PRODUCTION, PUBLICATION, DISTRIBUTION, MANUFACTURE, AND COPYRIGHT NOTICE
Place of production, publication, distribution, manufacture اليمن :
Name of producer, publisher, distributor, manufacturer دار العاصمة للنشر والتوزيع،
Date of production, publication, distribution, manufacture, or copyright notice 2012.
300 ## - PHYSICAL DESCRIPTION
Extent 5 ج.
650 17 - SUBJECT ADDED ENTRY--TOPICAL TERM
Topical term or geographic name as entry element الحديث الشريف
650 17 - SUBJECT ADDED ENTRY--TOPICAL TERM
Topical term or geographic name as entry element الفقه الاسلامي
650 17 - SUBJECT ADDED ENTRY--TOPICAL TERM
Topical term or geographic name as entry element العبادات
650 17 - SUBJECT ADDED ENTRY--TOPICAL TERM
Topical term or geographic name as entry element المعاملات
942 ## - ADDED ENTRY ELEMENTS (KOHA)
Source of classification or shelving scheme Dewey Decimal Classification
Koha item type مراجع
المقتنيات
حالة السحب حالة الفقدان مصدر التصنيف حالة التلف غير قابل للإعارة المكتبة الرئيسية المكتبة الحالية موقع الرف تاريخ التزويد الرقم المتسلسل Total Checkouts رقم الإستدعاء الباركود تاريخ آخر ظهور تاريخ الفاتورة نوع المادة (كوها)
    Dewey Decimal Classification   Not For Loan المكتبة المركزية المكتبة المركزية مراجع 28/07/2025 1555106   م/213.63/بعد PLD00273183 28/07/2025 28/07/2025 مراجع
    Dewey Decimal Classification   Not For Loan المكتبة المركزية المكتبة المركزية مراجع 21/07/2013 1555107   م/213.63/بعد PLD00273236 28/07/2025 21/07/2013 مراجع
    Dewey Decimal Classification   Not For Loan المكتبة المركزية المكتبة المركزية مراجع 21/07/2013 1555108   م/213.63/بعد PLD00273237 28/07/2025 21/07/2013 مراجع
    Dewey Decimal Classification   Not For Loan المكتبة المركزية المكتبة المركزية مراجع 21/07/2013 1555109   م/213.63/بعد PLD00273238 28/07/2025 21/07/2013 مراجع
    Dewey Decimal Classification   Not For Loan المكتبة المركزية المكتبة المركزية مراجع 21/07/2013 1555110   م/213.63/بعد PLD00273239 28/07/2025 21/07/2013 مراجع
Implemented & Customized by: BBB with SCIT (Smart Chains for Information Technology)

Powered by Koha